[Event "Legends of Chess Final"]
[Site "chess24.com INT"]
[Date "2020.08.01"]
[Round "1.23"]
[White "Carlsen, Magnus"]
[Black "Svidler, Peter"]
[Result "1/2-1/2"]
[WhiteElo "2863"]
[BlackElo "2723"]
[PlyCount "82"]
[EventDate "2020.07.31"]
[EventType "k.o."]
[EventRounds "2"]
[EventCountry "GER"]
[SourceTitle "CBM 197"]
[Source "ChessBase"]
[SourceDate "2020.07.27"]
[SourceVersion "1"]
[SourceVersionDate "2020.07.27"]
[SourceQuality "1"]

1. e4 c5 2. Nf3 d6 3. Bb5+ Nd7 4. d4 cxd4 5. Qxd4 a6 6. Bxd7+ Bxd7 7. c4 e5 8. Qd3 b5 9. Nc3 bxc4 10. Qxc4 Qc8 11. Qd3 Qb7 12. O-O h6 13. Nd2 Be6 ({RR} 13... Bb5 14. Nc4 Qc6 15. Nxb5 axb5 16. Ne3 Nf6 17. f3 Rd8 18. Rd1 Be7 19. Nd5 Nxd5 20. Qxd5 Qc5+ 21. Kh1 Rc8 22. Qb3 Qc4 23. Qxc4 Rxc4 24. Be3 Kd7 25. Rd2 Rhc8 26. Kg1 Rc2 27. Rad1 R8c6 28. Kf2 {Rocha,L (1869)-Ferreira,E (2089) Natal BRA 2024 ½-½ (51)}) 14. Nc4 Qc6 $146 ({RR} 14... Rd8 15. f4 Nf6 16. f5 Bxc4 17. Qxc4 Be7 18. Be3 O-O 19. Nd5 Nxd5 20. exd5 Rc8 21. Qg4 h5 22. Qxh5 Qxb2 23. Rab1 Qxa2 24. Rb7 Bf6 25. Bg5 Rc2 26. Qg4 Bxg5 27. Qxg5 Qxd5 28. f6 g6 29. Rb4 {Lugovskoy,M (2431)-Fedoseev,V (2659) St Petersburg 2015 0-1 (39)}) 15. b3 Nf6 16. Ne3 Rc8 17. Bd2 Be7 18. Rac1 Qb7 19. Ncd5 O-O 20. Nxe7+ Qxe7 21. Rxc8 Rxc8 22. Rc1 Rxc1+ 23. Bxc1 Qc7 24. Bd2 Qc6 25. f3 d5 26. exd5 Nxd5 27. Nxd5 Bxd5 28. Qc3 Qe6 29. Qc5 f6 30. h3 Qd7 31. Be3 Qe6 32. Qb6 Qxb6 33. Bxb6 Kf7 34. Bc5 g5 35. Kf2 h5 36. Bb6 h4 37. Bd8 Ke6 38. Ke3 Kf5 39. Kf2 Ke6 40. Ke3 Kf5 41. Kf2 Ke6 1/2-1/2

[Event "Legends of Chess Final"]
[Site "chess24.com INT"]
[Date "2020.08.03"]
[Round "2.11"]
[White "Nepomniachtchi, Ian"]
[Black "Carlsen, Magnus"]
[Result "0-1"]
[WhiteElo "2784"]
[BlackElo "2863"]
[PlyCount "96"]
[EventDate "2020.07.31"]
[EventType "k.o."]
[EventRounds "2"]
[EventCountry "GER"]
[SourceTitle "CBM 197"]
[Source "ChessBase"]
[SourceDate "2020.07.27"]
[SourceVersion "1"]
[SourceVersionDate "2020.07.27"]
[SourceQuality "1"]

1. e4 {Giri,Anish} c5 2. Nf3 d6 3. d4 cxd4 4. Nxd4 Nf6 5. Nc3 a6 6. Rg1 b5 ({RR} 6... e5 7. Nb3 Be6 ({RR} 7... h5 8. h3 Be6 9. Be3 d5 ({RR} 9... h4) ({RR} 9... Nbd7) 10. exd5 Nxd5 11. Nxd5 Qxd5 12. Qxd5 Bxd5 13. O-O-O Be6 14. Na5) 8. g4 d5 9. exd5 Nxd5 10. Nxd5 Qxd5 11. Qxd5 Bxd5 12. Be3 Nc6 13. O-O-O O-O-O 14. Bb6 Rd6 15. Rg3 Be7 16. g5 Be6) ({RR} 6... h5 7. h3 ({RR} 7. Be3) ({RR} 7. Bg5)) ({RR} 6... Nc6 7. g4 g6 ({RR} 7... Nxd4 8. Qxd4 Nxg4 ({RR} 8... Bxg4 9. Rxg4 Nxg4 10. Qa4+ Qd7 11. Bb5 axb5 12. Qxa8+ Qd8 13. Qxb7) 9. Nd5) 8. g5 Nd7 9. h4 Nxd4 10. Qxd4 Ne5 11. Kd1 Rg8 12. Nd5 Bg7 ({RR} 12... Be6 13. Qb4 Rb8 14. Be3 ({RR} 14. f4 Nc6 15. Qb6))) ({RR} 6... g6 7. g4 Bg7 8. g5 Nfd7 9. Be3) ({RR} 6... e6 7. g4) 7. g4 ({RR} 7. a4 b4 8. Nd5 e6 ({RR} 8... Nxd5 9. exd5) ({RR} 8... Nxe4) 9. Nxf6+ Qxf6 10. Be3 Bb7 11. Qd2 Bxe4 12. f3 Bb7 13. Qxb4 Qe7 14. Nb3 ({RR} 14. Qb6 Qd7 15. O-O-O Qc8 ({RR} 15... Be7 16. Nb3 Bd5) 16. Nb3) 14... Nc6 15. Qb6 Qd7 16. O-O-O Qc8 17. Bd4 Nxd4 18. Qxd4 Qb8) 7... Bb7 8. g5 Nfd7 ({RR} 8... Nxe4 9. Nxe4 Bxe4 10. a4 ({RR} 10. Qg4 Bb7 11. Bg2 Bxg2 ({RR} 11... Qc7) 12. Qxg2 Nd7 13. g6 hxg6 14. Ne6 Rxh2 15. Qxa8 fxe6 16. Qxa6) 10... e5 ({RR} 10... bxa4) ({RR} 10... b4) 11. axb5 Be7 ({RR} 11... exd4 12. Qxd4) 12. Rg4 axb5 13. Bxb5+ Nd7 14. Bd2 Bb7 15. Nf5 O-O 16. Rxa8 ({RR} 16. Rga4 Rxa4 17. Rxa4 Nb6 18. Ra7) 16... Bxa8 17. Rh4 g6 18. Qg4 Nc5 19. Qh3 ({RR} 19. Kf1) 19... h5 ({RR} 19... Bxg5 20. Rxh7 Bxd2+ 21. Kxd2 Qg5+ 22. Kc3 Ne4+ 23. Kb4 Qd2+ 24. Ka3 Qa5+ 25. Ba4 Qc5+ 26. Ka2 Qc4+) 20. Rxh5 gxh5 21. Qxh5 Ne6 {1-0 (21) Nepomniachtchi,I (2784)-Carlsen,M (2863) chess24.com INT 2020 CBM 199 [Giri,Anish]}) 9. a3 ({RR} 9. Be3 b4 10. Nd5) 9... g6 10. h4 ({RR} 10. Be3 h6 11. h4 hxg5 12. hxg5 Bg7 13. Qd2 Nb6 14. O-O-O N8d7 15. Be2 Qc7 16. Rh1 Nc4 17. Bxc4 Qxc4 18. b3 Qc7 19. Rxh8+ Bxh8 20. Rh1 Bg7 21. Rh7 Kf8 22. Nde2 Kg8 23. Rh3 Qa5 24. Kb2 Bxe4 {Bersamina,P (2426)-Aditya,M (2547) Al Ain UAE 2025 ½-½ (121)}) 10... Bg7 11. h5 $146 ({RR} 11. Be3 O-O 12. h5 Nb6 13. hxg6 hxg6 14. Qg4 e5 15. Ne6 fxe6 16. Qxe6+ Rf7 17. O-O-O Nc8 18. Qxg6 Nd7 19. Rh1 Nf8 20. Rh8+ Kxh8 21. Qxf7 Qe7 22. Bc4 bxc4 23. Rh1+ Nh7 24. Qf5 Kg8 25. Qxh7+ Kf8 {Nagy Hegyesi,B (2296)-Erdelyi,Z (2363) Hungary 2009 1-0 (31)}) 11... Nc6 12. Be3 Nc5 13. f3 O-O 14. hxg6 fxg6 15. Nxc6 Bxc6 16. Bh3 Bxc3+ 17. bxc3 e5 18. Bg4 Qe7 19. Qd2 Rad8 20. c4 bxc4 21. O-O-O Ne6 22. Qc3 Bd7 23. Qxc4 Kg7 24. Qb4 Nf4 25. Bxf4 Bxg4 26. Rxg4 Rxf4 27. Rxf4 Qxg5 28. Rxd6 Qxf4+ 29. Kb1 Rxd6 30. Qxd6 h5 31. c4 Qxf3 32. Qxe5+ Qf6 33. Qd5 h4 34. c5 Qf1+ 35. Ka2 Qg2+ 36. Kb3 Qg3+ 37. Ka4 h3 38. c6 h2 39. Qd7+ Kh6 40. Qd8 Qe5 41. Qh4+ Kg7 42. Kb3 Qb5+ 43. Kc3 Qxc6+ 44. Kd3 Qd6+ 45. Ke2 Qxa3 46. Kf2 Qb2+ 47. Kg3 Qf6 48. Qh3 Qc3+ 0-1

[Event "Legends of Chess Final"]
[Site "chess24.com INT"]
[Date "2020.08.03"]
[Round "2.13"]
[White "Nepomniachtchi, Ian"]
[Black "Carlsen, Magnus"]
[Result "1-0"]
[WhiteElo "2784"]
[BlackElo "2863"]
[Annotator "Giri,Anish"]
[PlyCount "42"]
[EventDate "2020.07.31"]
[EventType "k.o."]
[EventRounds "2"]
[EventCountry "GER"]
[SourceTitle "CBM 199"]
[Source "ChessBase"]
[SourceDate "2020.12.01"]
[SourceVersion "1"]
[SourceVersionDate "2020.12.01"]
[SourceQuality "1"]

{[%evp 0,42,26,34,86,77,111,93,65,91,65,58,87,12,90,16,55,30,8,-14,-36,-65,-44,-169,47,17,30,-17,42,25,25,99,171,51,51,8,11,-2,-59,-172,-70,0,6,27,336]} 1. e4 c5 2. Nf3 d6 3. d4 cxd4 4. Nxd4 Nf6 5. Nc3 a6 6. Rg1 {Recently this variation has been all the rage and unsurprisingly so. The positions are fresh and highly unexplored and the newest Neural Network based engines are on board with it. The variations spread out in all sorts of directions here, so instead of going too deep into one of them, I will try to give an overview of what is all going on here.} b5 {This is the move I had chosen against Ian and also the direction Magnus decided to follow. Incidentally it is also one of the engine's top choices, but there are plenty of alternatives, obviously.} (6... e5 7. Nb3 Be6 {is the traditional way of dealing with this system and it remains quite reliable and also quite simple. The endgame that arises after} (7... h5 $5 {is possible here and on the 6th move as well. One thing to note is that after} 8. h3 Be6 9. Be3 {it is important not to follow Sanan Sjugirov who got a lost position in his off-hand blitz match against Magnus Carlsen.} d5 $2 (9... h4 $5 {is a possible improvement, intending bd7 and the typical Najdorf play}) ({or the immediate} 9... Nbd7 $5 {or perhaps something else, but definitely not d5?.}) 10. exd5 Nxd5 11. Nxd5 Qxd5 12. Qxd5 Bxd5 13. O-O-O Be6 14. Na5 $18 {1-0 (36) Carlsen,M (2876)-Sjugirov,S (2662) chess24.com INT 2020}) 8. g4 d5 9. exd5 Nxd5 10. Nxd5 Qxd5 11. Qxd5 Bxd5 12. Be3 {this endgame actually arises more or less by force.} Nc6 13. O-O-O O-O-O 14. Bb6 {The critical direction.} Rd6 {and now White has a lot of moves, but perhaps one of the reasons that 6.g1 is back in fashion in general, is that here after} 15. Rg3 {the engines give White a small plus. Still Black is quite solid after for example} Be7 16. g5 Be6 {intending h6 at the right moment, trying to simplify the game.}) (6... h5 $5 {is a funky move that the engines don't dislike. White has three different ways of developing here, g5, e3 or the flexible h3. The positions are in a way still typical, as the usual Najdorf structure is there, but with g1 h5 included, they are very unexplored.} 7. h3 {here again Black has the choice, between e5, c6, b5 and so on. Completely unexplored territory!} (7. Be3) (7. Bg5)) (6... Nc6 {This is a very natural reaction too. Now White's point is that he can and should sacrifice a pawn!} 7. g4 $1 {taking the pawn is quite dubious, so the main move here is} g6 (7... Nxd4 8. Qxd4 {now taking with the bishop loses outright, but taking with the knight is also quite dubious as Black is massively lagging behind in development.} Nxg4 (8... Bxg4 $2 {loses-} 9. Rxg4 $1 Nxg4 10. Qa4+ Qd7 11. Bb5 $1 {the point.} axb5 12. Qxa8+ Qd8 13. Qxb7) 9. Nd5 {White has very strong compensation- Black should not get into this.}) 8. g5 Nd7 9. h4 {Be3 is also possible, but my countryman Jorden goes for another plan.} Nxd4 10. Qxd4 Ne5 11. Kd1 $5 {A very spectacular idea. Jorden was quite fortunate to be able to implement it in a tournament game!} Rg8 12. Nd5 Bg7 $5 {is the better move. This position on it's own deserves a survey!} (12... Be6 13. Qb4 Rb8 14. Be3 $1 {is a natural improvement over the game. Black has some questions to answer. Both kings are uncastled, but White has more space overal and clearer play.} (14. f4 Nc6 15. Qb6 {½-½ (36) Van Foreest,J (2644)-Firouzja,A (2723) Wijk aan Zee 2020}))) (6... g6 {is likely to transpose to 6...c6 7.g4 g6 as after} 7. g4 Bg7 (7... Nc6) 8. g5 Nfd7 9. Be3 {Black has no better square for his b8 knight than c6. 7...c6 is in fact more flexible, as Black has some xd4 options, like in the Van Foreest-Firouzja game.}) (6... e6 $6 {would fully justify g1 for whoever after} 7. g4 {wants to follow it up with g5 and h4, winning a full tempo over g1, compared to the 6.h3 e6 7.g4 variation in the very same Najdorf.}) 7. g4 {Another attempt by Ian, who was a step ahead of Magnus here and must have clearly surprised him with this one.} (7. a4 $5 b4 8. Nd5 e6 {I felt this was the most practical option, but here too, the position gets crazy.} (8... Nxd5 9. exd5 {is a very strange position, also deserves further investigation.}) (8... Nxe4 $5 {is very brave. Usually I would say that this position needs a separate survey, but here I would say it needs two separate surveys. White has many ways to play for compensation here.}) 9. Nxf6+ Qxf6 10. Be3 Bb7 11. Qd2 {the main idea, it allows Black to trade the e4-pawn for the b4-pawn, but White keeps the momentum and doesn't waste time to defend the e4-pawn.} Bxe4 12. f3 Bb7 {deviating from 12...d5, which has been played before in the only game that reached this position. Motylev-Kokarev 2019.} 13. Qxb4 Qe7 14. Nb3 $5 {was the right way to get the position Ian wanted to get.} (14. Qb6 $6 {this being a blitz game, we both did a mix up here.} Qd7 $1 15. O-O-O Qc8 $2 {I probably tried reconstructing what I knew, but just e7! was good here.} (15... Be7 $1 16. Nb3 {was the reason I didn't do this, but here I have 2 strong options c6! or d5! with an enormous advantage.} Bd5) 16. Nb3 Nc6 {and now we transposed to a position that Ian probably wanted to get.} 17. Bd4 {1-0 (76) Nepomniachtchi,I (2784)-Giri,A (2764) chess24.com INT 2020}) 14... Nc6 15. Qb6 Qd7 16. O-O-O Qc8 17. Bd4 {here I played e5, but alternatively the engines suggest} Nxd4 18. Qxd4 Qb8 $1 {intending a7!, with a very unclear position, that needs to be checked more carefully. Both sides also had alternatives along the way.}) 7... Bb7 8. g5 $5 {it is possible to defend the e4-pawn, but then Black is quite happy with the b5/b7 order.} Nxe4 {in their first encounter that day Magnus didn't take up the challenge and although he won, White clearly had improvements along the way. Now he takes up the challenge, but probably he (or his team) didn't take this seriously enough, as he now lands in trouble again.} (8... Nfd7 9. Be3 $5 {could already be an improvement, as} (9. a3 g6 10. h4 Bg7 11. h5 Nc6 12. Be3) 9... b4 10. Nd5 {seems quite dubious for Black, who is much behind in development.}) 9. Nxe4 Bxe4 10. a4 $5 (10. Qg4 {contains a beautiful trap, which Black can and should avoid} Bb7 11. Bg2 Bxg2 $6 (11... Qc7 $1 {is a simple improvement, when White doesn't have enough compensation most likely.}) 12. Qxg2 Nd7 $2 {it was still possible to avoid the trap with 12...a7!, but a few people fell for this one actually -} 13. g6 $1 {very beautiful idea!} hxg6 14. Ne6 $1 {Boom! The point. White won in (17) Belousov,D (2274)-Thing,B (2222) Moscow 2019. fxe6 is not possible due to xg6 mate, while if the queen moves, xa8 is incoming.} Rxh2 {is a creative defensive attempt, but after} 15. Qxa8 fxe6 16. Qxa6 {White is up in material and is winning.}) 10... e5 {this is possible, but alternatives b4 and bxa4 are definitely to be studied.} (10... bxa4 $5) (10... b4 $5) 11. axb5 Be7 $146 (11... exd4 {Black has to accept the sacrifice.} 12. Qxd4 {and now d5 or e7, both are possible. The position is crazy complex, g3-e3 lift is a typical idea and White also hopes to get his queenside pawns going at some point. Complicated stuff.}) ({RR} 11... exd4 12. Qxd4 d5 13. Rg3 Nd7 14. Re3 Be7 15. Qxg7 Rf8 16. Bh3 f5 17. f3 f4 18. Re2 Bxf3 19. Re6 Be4 20. Bg4 Nc5 21. Rc6 Qb8 22. Rxc5 f3 23. Be3 Qxh2 24. O-O-O axb5 25. Kb1 f2 26. Be2 {Peng,L (2489)-Neugebauer,M (2509) Trencin SVK 2025 ½-½ (38)}) 12. Rg4 $1 {White is forcing the e4 bishop to decide, what to give up, the h1-a8 diagonal, or the crucial f5-square for the knight.} axb5 13. Bxb5+ Nd7 {according to the engine f8 was a better defence, but that looks even worse.} 14. Bd2 $1 {very strong, developing the bishop and connecting the queen to the rook.} Bb7 15. Nf5 {now white is winning, thanks to this superstrong knight and the potential for a strong attack on the kingside.} O-O 16. Rxa8 {the most direct, but not so easy actually.} ({the sick} 16. Rga4 $1 {was winning more trivially, apparently, because now after} Rxa4 17. Rxa4 Nb6 18. Ra7 $1 {hits that vulnerable b7 bishop.}) 16... Bxa8 17. Rh4 g6 {only move} 18. Qg4 {White appears to be crushing his opponent but things are not so simple.} Nc5 $1 {Magnus tries to fight and correctly so.} 19. Qh3 $2 (19. Kf1 $3 {this prophylaxis wins, but obviously this all has little to do with the reality. Computer stuff and that too, on quite some depth...}) 19... h5 $2 (19... Bxg5 $1 {would actually save Black. I am curious what he missed here, but with little time on the clock, it could frankly be anything.} 20. Rxh7 Bxd2+ $1 21. Kxd2 {otherwise gxf5 and there is no mate as the h6-square is protected.} Qg5+ $1 22. Kc3 Ne4+ $1 23. Kb4 Qd2+ 24. Ka3 Qa5+ 25. Ba4 Qc5+ 26. Ka2 Qc4+ {with a perpetual.}) 20. Rxh5 $1 {White is crushing here.} gxh5 21. Qxh5 Ne6 {and not waiting for g6 Black resigned.} 1-0

[Event "Legends of Chess Final"]
[Site "chess24.com INT"]
[Date "2020.08.03"]
[Round "2.15"]
[White "Nepomniachtchi, Ian"]
[Black "Carlsen, Magnus"]
[Result "0-1"]
[WhiteElo "2784"]
[BlackElo "2863"]
[PlyCount "118"]
[EventDate "2020.07.31"]
[EventType "k.o."]
[EventRounds "2"]
[EventCountry "GER"]
[SourceTitle "CBM 197"]
[Source "ChessBase"]
[SourceDate "2020.07.27"]
[SourceVersion "1"]
[SourceVersionDate "2020.07.27"]
[SourceQuality "1"]

1. e4 c5 2. Nf3 d6 3. d4 cxd4 4. Nxd4 Nf6 5. Nc3 a6 6. h3 g6 7. g4 Bg7 8. Bg2 O-O 9. Be3 Nc6 10. Qd2 Nxd4 11. Bxd4 b5 12. g5 Nh5 13. Bxg7 Nxg7 14. e5 Ra7 15. O-O-O $146 ({RR} 15. exd6 Rd7 16. Ne4 Bb7 17. O-O-O Bxe4 18. Bxe4 Rxd6 19. Qe3 Qc7 20. Rxd6 Qxd6 21. Rd1 Qe6 22. Bd5 Qxe3+ 23. fxe3 Nf5 24. Rd3 Rb8 25. b4 Kg7 26. Kb2 Nd6 27. e4 f6 28. h4 h6 29. gxh6+ Kxh6 {Hou Yifan (2632)-Kramnik,V (2753) Tashkent UZB 2023 ½-½ (60)}) 15... Rd7 16. Bc6 Rc7 17. Bf3 Bf5 18. exd6 exd6 19. Ne4 Ne6 20. h4 Rc4 21. Nf6+ Kh8 22. Bd5 Rxc2+ 23. Qxc2 Bxc2 24. Kxc2 Nf4 25. Kb1 Kg7 26. Rd4 Nxd5 27. Rxd5 h6 28. Rhd1 Qc8 29. a3 Qh3 30. R1d4 Qf1+ 31. Ka2 Qxf2 32. Rxd6 hxg5 33. hxg5 Qg3 34. R6d5 Rc8 35. Rd3 Qf4 36. R3d4 Qh2 37. Rd2 Qc7 38. R2d4 Rh8 39. Rd7 Qe5 40. R7d5 Qe3 41. Rd3 Qc1 42. Rc3 Qf4 43. Rc2 b4 44. a4 b3+ 45. Kxb3 Rb8+ 46. Ka2 Qxa4+ 47. Kb1 Rh8 48. Rc1 Qb3 49. Rd2 Qe6 50. Rc5 a5 51. Rcd5 a4 52. Ka2 Qe3 53. R2d3 Qb6 54. Rd6 Qg1 55. R6d5 Rh1 56. Ka3 Qa1+ 57. Kb4 Qxb2+ 58. Ka5 Rh8 59. Rb5 Ra8+ 0-1

[Event "Legends of Chess Final"]
[Site "chess24.com INT"]
[Date "2020.08.04"]
[Round "2.22"]
[White "Nepomniachtchi, Ian"]
[Black "Carlsen, Magnus"]
[Result "0-1"]
[WhiteElo "2784"]
[BlackElo "2863"]
[PlyCount "152"]
[EventDate "2020.07.31"]
[EventType "k.o."]
[EventRounds "2"]
[EventCountry "GER"]
[SourceTitle "CBM 197"]
[Source "ChessBase"]
[SourceDate "2020.07.27"]
[SourceVersion "1"]
[SourceVersionDate "2020.07.27"]
[SourceQuality "1"]

1. e4 c5 2. Nf3 d6 3. d4 cxd4 4. Nxd4 Nf6 5. Nc3 a6 6. h3 e5 7. Nb3 Be7 8. g4 h6 9. Be3 Nbd7 10. a4 Nf8 ({RR} 10... b6 11. f3 Qc7 12. h4 Nf8 13. Rg1 Be6 14. g5 hxg5 15. hxg5 N6d7 16. Nd5 Qc6 17. Qd2 Ng6 18. a5 b5 19. O-O-O Rc8 20. Kb1 Nc5 21. Be2 Bd8 22. Nxc5 dxc5 23. f4 exf4 24. Bxf4 Be7 25. Nxe7 {Carlsen,M (2876)-Ganguly,S (2658) Douglas 2019 1-0 (41)}) 11. Bc4 ({RR} 11. Qf3 Ng6 12. O-O-O Bd7 13. a5 Qb8 14. Nd2 Be6 15. Nc4 Qc7 16. Nb6 Rd8 17. Ncd5 Bxd5 18. exd5 Nd7 19. Bd3 Bg5 20. Kb1 Bxe3 21. fxe3 Nxb6 22. axb6 Qxb6 23. Bxg6 fxg6 24. Rhf1 Rd7 25. Qe4 {½-½ (25) Lin,B (2343)-Zhou Jianchao (2581) Philadelphia USA 2025}) 11... Ng6 12. Qe2 $146 ({RR} 12. a5 Be6 13. Bd5 Nxd5 14. Nxd5 Rc8 15. Qd3 Bxd5 16. Qxd5 Qc7 17. c3 Bg5 18. O-O-O Ke7 19. Rhf1 Qc6 20. Qxc6 Rxc6 21. Kc2 f6 22. Rg1 Nf8 23. Nc1 Ne6 24. Rg3 Rc4 25. Kd3 Rhc8 26. Nb3 Bf4 {Ajay,K (2426)-Koelle,T (2312) Budapest 2021 ½-½ (43)}) 12... Bd7 13. f3 Rc8 14. h4 Nh7 15. h5 Bh4+ 16. Rxh4 Nxh4 17. O-O-O Nxf3 18. Rxd6 Qe7 19. Rb6 Bxg4 20. Bd5 O-O 21. Qg2 Qh4 22. Rg6 Nhg5 23. Kb1 Be6 24. Rxe6 fxe6 25. Bxb7 Qe1+ 26. Bc1 Rxc3 27. bxc3 Nxe4 28. Bxe4 Qxe4 29. Bxh6 Rf7 30. Bc1 Qf5 31. Qe2 Rc7 32. Kb2 Qxh5 33. Qxa6 Qe8 34. Qb5 Qc6 35. c4 Kf7 36. c5 Nd4 37. Qf1+ Kg8 38. Be3 Qxa4 39. Bxd4 exd4 40. Qf4 Qd7 41. Qe5 Rb7 42. Qe4 Rb8 43. Qe5 Rb4 44. Qe4 Qd5 45. Qg4 Rc4 46. Qf4 Rb4 47. Qg4 Qf5 48. Qh4 Rc4 49. Qd8+ Kh7 50. Qh4+ Kg6 51. Nxd4 Qe5 52. Qg4+ Kh7 53. Qh4+ Kg8 54. Qd8+ Kf7 55. Qd7+ Kf6 56. c3 Rxc5 57. Qd8+ Kg6 58. Qe8+ Kh7 59. Qd8 Rd5 60. Qh4+ Kg8 61. Qg4 Rd6 62. Qh4 Qf6 63. Qe4 Rb6+ 64. Kc2 Kf7 65. Qa8 Qg6+ 66. Kd2 Rb2+ 67. Ke3 Qg1+ 68. Kd3 Qf1+ 69. Ke3 Qf2+ 70. Kd3 Qg2 71. Nf3 Qe2+ 72. Kd4 Qd1+ 73. Ke3 Re2+ 74. Kf4 Qd6+ 75. Kg4 Rg2+ 76. Kh5 g6+ 0-1

[Event "Norway Chess 8th"]
[Site "Stavanger"]
[Date "2020.10.07"]
[Round "3"]
[White "Tari, Aryan"]
[Black "Carlsen, Magnus"]
[Result "0-1"]
[WhiteElo "2633"]
[BlackElo "2863"]
[PlyCount "90"]
[EventDate "2020.10.05"]
[EventType "tourn"]
[EventRounds "10"]
[EventCountry "NOR"]
[EventCategory "21"]
[SourceTitle "CBM 199"]
[Source "ChessBase"]
[SourceDate "2020.12.01"]
[SourceVersion "1"]
[SourceVersionDate "2020.12.01"]
[SourceQuality "1"]

1. e4 c5 2. Nf3 Nc6 3. d4 cxd4 4. Nxd4 Nf6 5. Nc3 d6 6. Bg5 Bd7 7. Qd2 a6 8. O-O-O e6 9. f4 Be7 10. Nf3 b5 11. Bxf6 gxf6 12. Kb1 Qb6 13. f5 O-O-O 14. Bd3 Kb8 15. Ne2 Bc8 16. Nf4 Ne5 17. Be2 d5 18. exd5 exf5 19. Nd4 Bc5 20. Rhf1 Rhe8 21. a3 Ka8 22. h3 $146 ({RR} 22. Qc3 Bd7 23. d6 Rc8 24. Nd5 Qxd6 25. Nxf5 Qb8 26. Nxf6 b4 27. axb4 Bxb4 28. Qb3 Be6 29. Qa4 a5 30. Nxe8 Rxe8 31. Ng7 Rc8 32. Nxe6 fxe6 33. Qb5 Qc7 34. Qa6+ Kb8 35. c3 Bxc3 36. Rc1 {1-0 (36) Juhasz,A (2373)-Fiedorek,M (2319) Budapest 2022}) 22... Bd7 23. Nh5 Nc4 24. Bxc4 bxc4 25. Qc3 Rb8 26. Rf3 Re1 27. Rxe1 Bxd4 28. Qb4 Qc7 29. d6 Qc6 30. Qa5 Bxb2 31. Ka2 Be5 32. Rb1 Rxb1 33. Kxb1 Qxd6 34. Kc1 Qd4 35. Qxa6+ Kb8 36. c3 Qg1+ 37. Kd2 Qxg2+ 38. Ke3 f4+ 39. Nxf4 Bxf4+ 40. Rxf4 Qg3+ 41. Rf3 Qe1+ 42. Kd4 Qe5+ 43. Kxc4 Qe4+ 44. Kc5 Qxf3 45. Kd6 Bc8 0-1